| 000 | 01304nam0a2200325 4500 | ||
|---|---|---|---|
| 001 | RU\NLR\bibl\892520 | ||
| 005 | 20260405092135.0 | ||
| 010 |
_a5-9550-0092-5 _93000 |
||
| 021 |
_aRU _b2005-76648 _93778 |
||
| 035 | _a(NLR Aleph) 000881011 | ||
| 090 |
_a1658924 _c1658924 |
||
| 100 | _a20051222d2005 |||y0rusy50 ca | ||
| 101 | 1 |
_arus _ceng |
|
| 102 | _aRU | ||
| 105 | _ay ||||||||| | ||
| 200 | 1 |
_aЗемля _eплеядеанские Ключи к Живой Библиотеке _e[перевод с английского] _fБарбара Марсиниак при участии Карен Марсиниак и Теры томас |
|
| 210 |
_aМосква _cСофия _d2005 |
||
| 215 |
_a317, [2] с. _d17 |
||
| 311 | _aПродолж. кн. "Приносящие Рассвет" | ||
| 488 | 0 |
_12001#$aПриносящие Рассвет _1320##$aДр. работы авт. в конце кн. _tПриносящие Рассвет |
|
| 606 | 1 |
_aТеософия _91157305 _3RU\NLR\auth\66144541 |
|
| 686 | _aЭ391.6 | ||
| 700 | 1 |
_4070 _8rus _7ca _aМарсиниак _bБ. _gБарбара _3RU\NLR\auth\7733334 _916342 |
|
| 801 | 0 |
_aRU _bNLR _c20051222 _grcr |
|
| 801 | 1 |
_aRU _bNLR _c20051222 |
|
| 942 | _cBOOK | ||
| 980 | _aNB | ||